000 00489nam a2200181Ia 4500
005 20260415160317.0
008 008 250505s9999 xx 000 0 eng d
037 _aTextual
040 _aFEDL
_beng
_cFEDL
041 _aeng
_2eng
084 _a504 LEV
_qFEDL
100 _aLevy H
_91234850
245 0 _aUniversity of science
260 _aLondon, UK
_bWatts and Co
_c1932
300 _axiii,170p.
942 _cTEXL
_h504 LEV
999 _c1321536
_d1321536